[Event "Ankara Baskent Univ op-B 3rd"]
[Site "Ankara"]
[Date "2018.08.27"]
[Round "1"]
[White "Inel, Cihangir"]
[Black "Miral, Can"]
[Result "1-0"]
[WhiteElo "1582"]
[BlackElo "1383"]
[PlyCount "75"]
[EventDate "2018.08.27"]
[EventType "swiss"]
[EventRounds "9"]
[EventCountry "TUR"]
[SourceTitle "EXT 2021"]
[Source "ChessBase"]
[SourceDate "2020.10.23"]
[SourceVersion "1"]
[SourceVersionDate "2020.10.23"]
[SourceQuality "1"]

1. e4 e6 2. d4 d5 3. Nc3 Bb4 4. Qg4 Qf6 5. exd5 h6 6. Bb5+ Bd7 7. Bxd7+ Nxd7 8. dxe6 fxe6 9. Nf3 0-0-0 10. 0-0 Kb8 11. Re1 Qf5 12. Qe4 Ngf6 13. Qe2 g5 14. Bd2 Rhe8 15. a3 Bd6 16. Ne4 Nxe4 17. Qxe4 Qf7 18. Bc3 g4 19. Ne5 Qh5 20. Qxg4 Qxg4 21. Nxg4 h5 22. Ne3 Nf6 23. Nc4 Bf4 24. g3 Bg5 25. Re2 h4 26. Rae1 b5 27. Ne5 Kb7 28. Nf7 Rd5 29. Rxe6 Rf8 30. Nxg5 Rxg5 31. R6e5 Rxe5 32. dxe5 Ng4 33. f4 hxg3 34. hxg3 Rg8 35. e6 Nh6 36. e7 Re8 37. Re5 Kc6 38. Re6+ 1-0

[Event "TUR-chT 2nd League"]
[Site "Konya"]
[Date "2018.07.20"]
[Round "7.9"]
[White "Inel, Cihangir"]
[Black "Saglam, Emrah Sitki"]
[Result "1-0"]
[WhiteElo "1593"]
[BlackElo "1598"]
[PlyCount "95"]
[EventDate "2018.07.16"]
[EventType "team-swiss"]
[EventRounds "9"]
[EventCountry "TUR"]
[SourceTitle "EXT 2019"]
[Source "ChessBase"]
[SourceDate "2018.10.10"]
[SourceVersion "1"]
[SourceVersionDate "2018.10.10"]
[SourceQuality "1"]
[WhiteTeam "Samsun Gercek"]
[BlackTeam "Maras Spor Kulubu"]
[WhiteTeamCountry "TUR"]
[BlackTeamCountry "TUR"]

1. e4 c5 2. Nf3 d6 3. d4 cxd4 4. Qxd4 Nc6 5. Bb5 Bd7 6. Bxc6 Bxc6 7. Nc3 Nf6 8. Bg5 h6 9. Bxf6 gxf6 10. 0-0-0 h5 11. Nh4 e6 12. Rhe1 Rg8 13. Nd5 e5 14. Qd3 Rc8 15. Ne3 Qa5 16. Kb1 b5 17. Nhf5 Qc7 18. f3 a6 19. g4 hxg4 20. Nxg4 Rg6 21. h4 Bd7 22. h5 Rxg4 23. fxg4 Bxf5 24. gxf5 Bh6 25. Rg1 Ke7 26. Rg2 Qc5 27. Rg3 Qc6 28. Rdg1 Bg5 29. R1g2 Rh8 30. Qe2 Qc5 31. Rc3 Qb6 32. Qd1 b4 33. Rd3 a5 34. Rgg3 Qc6 35. Rd5 Ra8 36. Rgd3 Rd8 37. Qg1 a4 38. Qh1 Rc8 39. Qg2 Rd8 40. Qh3 Qc4 41. Qg2 Qc6 42. Qf2 Qc4 43. Qa7+ Rd7 44. Qa5 Qxe4 45. a3 Qh1+ 46. Rd1 Qxh5 47. Qxb4 Qh4 48. Rxd6 1-0

[Event "TUR-chT2"]
[Site "Konya"]
[Date "2014.06.28"]
[Round "8.10"]
[White "Inel, Cihangir"]
[Black "Benk, Tolga Tugay"]
[Result "0-1"]
[WhiteElo "1531"]
[BlackElo "1759"]
[PlyCount "68"]
[EventDate "2014.06.23"]
[EventType "team-swiss"]
[EventRounds "9"]
[EventCountry "TUR"]
[SourceTitle "CBM 161 Extra"]
[Source "ChessBase"]
[SourceDate "2014.08.29"]
[SourceVersion "1"]
[SourceVersionDate "2014.08.29"]
[SourceQuality "1"]
[WhiteTeam "Gercek"]
[BlackTeam "Sader"]
[WhiteTeamCountry "TUR"]
[BlackTeamCountry "TUR"]

1. e4 e5 2. Nf3 Nc6 3. Bc4 f5 4. d3 d6 5. Nc3 Be7 6. Ng5 Bxg5 7. Qh5+ g6 8. Qxg5 Qxg5 9. Bxg5 h6 10. Bxg8 hxg5 11. Bb3 Bd7 12. Nd5 0-0-0 13. Nf6 Rdf8 14. Nxd7 Kxd7 15. c3 Nd8 16. f3 Rh7 17. 0-0-0 g4 18. Rdf1 fxe4 19. dxe4 gxf3 20. gxf3 Rh3 21. Bd1 Ne6 22. Rfg1 Nf4 23. Rg3 Rh6 24. h4 Rfh8 25. h5 Rxh5 26. Rxh5 gxh5 27. Kd2 Ke6 28. Ke3 Kf6 29. Be2 c6 30. Bf1 d5 31. exd5 cxd5 32. Kf2 Rh7 33. Kg1 Rg7 34. Rxg7 Kxg7 0-1

[Event "TUR-chT2"]
[Site "Konya"]
[Date "2014.06.24"]
[Round "2.11"]
[White "Kabakli, Siar"]
[Black "Inel, Cihangir"]
[Result "1-0"]
[WhiteElo "1734"]
[BlackElo "1531"]
[PlyCount "43"]
[EventDate "2014.06.23"]
[EventType "team-swiss"]
[EventRounds "9"]
[EventCountry "TUR"]
[SourceTitle "CBM 161 Extra"]
[Source "ChessBase"]
[SourceDate "2014.08.29"]
[SourceVersion "1"]
[SourceVersionDate "2014.08.29"]
[SourceQuality "1"]
[WhiteTeam "Antalya"]
[BlackTeam "Gercek"]
[WhiteTeamCountry "TUR"]
[BlackTeamCountry "TUR"]

1. e4 e5 2. Nf3 Nc6 3. Nc3 Nf6 4. Bb5 d6 5. d4 exd4 6. Nxd4 Bd7 7. Nxc6 Bxc6 8. Bd3 Be7 9. 0-0 0-0 10. f4 Qd7 11. Qe1 d5 12. e5 Ne4 13. Kh1 Nc5 14. f5 Nxd3 15. cxd3 f6 16. e6 Qd8 17. Qh4 d4 18. Ne2 Qd5 19. Qg4 Rfe8 20. Nf4 Qe5 21. Nh5 Bf8 22. Bh6 1-0